000
00222 a2200097 4500
001
22651
100
_a
Ryder, J D
245
_a
Electronic fundamentals and applications
260
_a
_b
Pitman
_c
1964
090
_c
15303
_d
15303
942
_a
NUST-CAE
_c
M
_c
5896
999
_c
257724
_d
257724